Central Library OPAC University of Rajshahi

Man in this world / (Record no. 31958)

MARC details
000 -LEADER
fixed length control field 00938cam a2200325 i 4500
001 - CONTROL NUMBER
control field 31958
003 - CONTROL NUMBER IDENTIFIER
rucl marc code BD-RjUL
005 - DATE AND TIME OF LATEST TRANSACTION
control field 20211209051755.0
008 - FIXED-LENGTH DATA ELEMENTS--GENERAL INFORMATION
fixed length control field 140423t1955 enk b 001 0 eng d
035 ## - SYSTEM CONTROL NUMBER
System control number (BD-RjUL)32047
System control number (DLC)O12611527
System control number (UkMaJRU)1591899
System control number (UkLCURL)061591899
038 ## - RECORD CONTENT LICENSOR
Record content licensor Uk
040 ## - CATALOGING SOURCE
Original cataloging agency DLC
Description conventions rda
Transcribing agency GUA
Modifying agency GUA
-- UKM
-- EQO
-- UkMaJRU
-- DB-RjUL
Language of cataloging eng
041 1# - LANGUAGE CODE
Language code of text/sound track or separate title eng
Language code of original ger
082 04 - DEWEY DECIMAL CLASSIFICATION NUMBER
Classification number 261
Author mark and year ZEM 1955
090 ## - LOCALLY ASSIGNED LC-TYPE CALL NUMBER (OCLC); LOCAL CALL NUMBER (OCLC)
Classification number (OCLC) (R) ; Classification number, CALL (RLIN) (NR) Man
Local cutter number (OCLC) ; Book number/undivided call number, CALL (RLIN) . A209537
100 1# - MAIN ENTRY--PERSONAL NAME
Personal name Zehrer, Hans,
9 (RLIN) 97292
245 10 - TITLE STATEMENT
Title Man in this world /
Statement of responsibility, etc. Hans Zehrer.
260 ## - PUBLICATION, DISTRIBUTION, ETC. (IMPRINT)
Place of publication, distribution, etc. New york :
Name of publisher, distributor, etc. New york University press,
Date of publication, distribution, etc. 1955.
300 ## - PHYSICAL DESCRIPTION
Pagination xi, 317 p. ;
Size 22 cm
500 ## - GENERAL NOTE
General note Abridged and edited version.
504 ## - BIBLIOGRAPHY, ETC. NOTE
Bibliography, etc Includes bibliographical references and index.
650 #0 - SUBJECT ADDED ENTRY--TOPICAL TERM
Topical term or geographic name as entry element Civilization
General subdivision Philosophy.
9 (RLIN) 3440
942 ## - ADDED ENTRY ELEMENTS (KOHA)
Source of classification or shelving scheme Dewey Decimal Classification
Koha item type Books
Holdings
Lost status Source of classification or shelving scheme Damaged status Not for loan Collection code Permanent Location Current Location Shelving location Date acquired Source of acquisition Total Checkouts Full call number Date last seen Copy number Koha item type
  Dewey Decimal Classification   Not For Loan Non-fiction Central Library, University of Rajshahi Central Library, University of Rajshahi Reading Room 11/03/1958 H.C. of canada   261 ZEM 1955 23/04/2014 C-1 Books